<?xml version="1.0" encoding="UTF-8"?>
<record
    xmlns:xsi="http://www.w3.org/2001/XMLSchema-instance"
    xsi:schemaLocation="http://www.loc.gov/MARC21/slim http://www.loc.gov/standards/marcxml/schema/MARC21slim.xsd"
    xmlns="http://www.loc.gov/MARC21/slim">

  <leader>01144nam0a2200325 i 4500</leader>
  <controlfield tag="001">RU\NLR\BIBL_A\011168161</controlfield>
  <controlfield tag="005">20240921142643.0</controlfield>
  <datafield tag="010" ind1=" " ind2=" ">
    <subfield code="a">9785431402104</subfield>
    <subfield code="9">1000</subfield>
  </datafield>
  <datafield tag="021" ind1=" " ind2=" ">
    <subfield code="a">RU</subfield>
    <subfield code="b">2016-48366</subfield>
    <subfield code="9">3110</subfield>
  </datafield>
  <datafield tag="035" ind1=" " ind2=" ">
    <subfield code="a">(NILC)RuMoRGB-008518658</subfield>
  </datafield>
  <datafield tag="035" ind1=" " ind2=" ">
    <subfield code="a">(NLR Aleph) 011168161</subfield>
  </datafield>
  <datafield tag="090" ind1=" " ind2=" ">
    <subfield code="a">11752541</subfield>
    <subfield code="c">11752541</subfield>
  </datafield>
  <datafield tag="100" ind1=" " ind2=" ">
    <subfield code="a">20160630d2015    km y0rusy50      ca</subfield>
  </datafield>
  <datafield tag="101" ind1="0" ind2=" ">
    <subfield code="a">rus</subfield>
  </datafield>
  <datafield tag="102" ind1=" " ind2=" ">
    <subfield code="a">RU</subfield>
  </datafield>
  <datafield tag="105" ind1=" " ind2=" ">
    <subfield code="a">c|||z|||000ay</subfield>
  </datafield>
  <datafield tag="200" ind1="1" ind2=" ">
    <subfield code="a">&#x410;&#x431;&#x440;&#x438;&#x441;&#x44B;</subfield>
    <subfield code="e">&#x43F;&#x43E;&#x432;&#x435;&#x441;&#x442;&#x44C;</subfield>
    <subfield code="f">&#x41B;&#x443;&#x43B;&#x430; &#x41A;&#x443;&#x43D;&#x438;</subfield>
    <subfield code="g">&#x421;&#x43E;&#x44E;&#x437; &#x43F;&#x438;&#x441;&#x430;&#x442;&#x435;&#x43B;&#x435;&#x439; &#x427;&#x435;&#x447;&#x435;&#x43D;&#x441;&#x43A;&#x43E;&#x439; &#x420;&#x435;&#x441;&#x43F;&#x443;&#x431;&#x43B;&#x438;&#x43A;&#x438;</subfield>
  </datafield>
  <datafield tag="210" ind1=" " ind2=" ">
    <subfield code="a">&#x413;&#x440;&#x43E;&#x437;&#x43D;&#x44B;&#x439;</subfield>
    <subfield code="c">&#x413;&#x440;&#x43E;&#x437;&#x43D;&#x435;&#x43D;&#x441;&#x43A;&#x438;&#x439; &#x440;&#x430;&#x431;&#x43E;&#x447;&#x438;&#x439;</subfield>
    <subfield code="d">2015</subfield>
  </datafield>
  <datafield tag="215" ind1=" " ind2=" ">
    <subfield code="a">127 &#x441;.</subfield>
    <subfield code="c">&#x43F;&#x43E;&#x440;&#x442;&#x440;.</subfield>
    <subfield code="d">20 &#x441;&#x43C;</subfield>
  </datafield>
  <datafield tag="300" ind1=" " ind2=" ">
    <subfield code="a">&#x412; &#x432;&#x44B;&#x43F;. &#x434;&#x430;&#x43D;. &#x430;&#x432;&#x442;.: &#x416;&#x443;&#x43C;&#x430;&#x43B;&#x430;&#x435;&#x432;&#x430; &#x41B;&#x443;&#x43B;&#x430; &#x418;&#x437;&#x43D;&#x430;&#x443;&#x440;&#x43E;&#x432;&#x43D;&#x430;</subfield>
  </datafield>
  <datafield tag="675" ind1=" " ind2=" ">
    <subfield code="a">821.35</subfield>
  </datafield>
  <datafield tag="686" ind1="2" ind2=" ">
    <subfield code="a">&#x428;6(2=&#x427;&#x435;)7-4</subfield>
  </datafield>
  <datafield tag="700" ind1=" " ind2="1">
    <subfield code="a">&#x416;&#x443;&#x43C;&#x430;&#x43B;&#x430;&#x435;&#x432;&#x430;</subfield>
    <subfield code="b">&#x41B;. &#x418;.</subfield>
    <subfield code="f">1960-</subfield>
    <subfield code="g">&#x41B;&#x443;&#x43B;&#x430; &#x418;&#x437;&#x43D;&#x430;&#x443;&#x440;&#x43E;&#x432;&#x43D;&#x430;</subfield>
    <subfield code="9">162348</subfield>
    <subfield code="3">RU\NLR\AUTH\770162392</subfield>
  </datafield>
  <datafield tag="801" ind1=" " ind2="0">
    <subfield code="a">RU</subfield>
    <subfield code="b">&#x420;&#x413;&#x411;</subfield>
    <subfield code="c">20160615</subfield>
    <subfield code="g">RCR</subfield>
  </datafield>
  <datafield tag="801" ind1=" " ind2="2">
    <subfield code="a">RU</subfield>
    <subfield code="b">&#x420;&#x413;&#x411;</subfield>
    <subfield code="c">20160622</subfield>
    <subfield code="g">rcr</subfield>
  </datafield>
  <datafield tag="942" ind1=" " ind2=" ">
    <subfield code="c">BOOK</subfield>
  </datafield>
  <datafield tag="980" ind1=" " ind2=" ">
    <subfield code="a">NBR</subfield>
  </datafield>
</record>
